00714cam a22002292 450000100060000000300080000600500170001400800410003103500120007204000320008404100080011608200210012410000200014524501390016526000480030430000330035250400290038565000140041465000200042865000130044865000230046110663BD RJUL20211208235008.0250114s1967 nyua b 000 0 eng  aBD RJUL aDLCcDLCdIUDdBD RJULbeng aeng00a547.84bLEO 19671 aLenz, Robert W.10aOrganic chemistry of synthetic high polymers /c[by] Robert W. Lenz. With contributions by Darrell C. Feay and Nathaniel S. Schneider. aNew York :bInterscience Publishers,c1967. axvi, 837 p.:bill. ;c24 cm. aIncludes bibliographies. 0aPolymers. 0aPolymerization. 2aPolymers 2aChemistry, Organic